000 00566nam a2200217Ia 4500
005 20260429112230.0
008 260429s9999||||xx |||||||||||||| ||und||
020 _a9789348196491
041 _aEnglish
082 _a323.340941
_bBEN
100 _aBennett, Libby
245 0 _aWomen, politics and the united nations /
_cLibby Bennett
250 _a1st ed.
260 _aNew Delhi :
_bVenus Books,
_c2025.
300 _axi, 292 p.; hb
650 _a Politics
650 _a United nations
650 _a Women
650 _aPolitical science
942 _cTB
999 _c53024
_d53024